| 000 | 00471nam a22001697a 4500 | ||
|---|---|---|---|
| 005 | 20251108173052.0 | ||
| 008 | 250721s2002 xx 000 0 ara d | ||
| 082 | 1 | 4 | _aط/ق/ستي |
| 100 | 1 | _aستيبانوف، ف | |
| 245 | 1 | 0 | _aالبطة البشعة / |
| 264 | 1 |
_aدمشق : _bدار الغد الإنساني، _c2002. |
|
| 650 | 1 | 7 | _aأدب الأطفال |
| 650 | 1 | 7 | _aالقصص |
| 650 | 1 | 7 | _aالأدب المترجم |
| 942 |
_2ddc _cBK |
||
| 999 |
_c95349 _d95349 |
||